Нека бъдещето знае! (Запис номер 475393)
[ съкратено ]
| 000 -Лидер | |
|---|---|
| Контролно поле с фиксирана дължина | 01393nam a2200253 a 4500 |
| 003 - Код на организацията, давaща контролен номер | |
| Контролно поле | BLK |
| 005 - Дата и час на последна редакция | |
| Контролно поле | 20230803155437.0 |
| 008 - Елементи от данни с фиксирана дължина | |
| fixed length control field | 180411b bul|||||r ||||||| ||bul|| |
| 020 ## - Международен стандартен номер на книга ISBN | |
| Международен стандартен номер на книга ISBN | 9786192072452 |
| 040 ## - Източник на каталожния запис | |
| Идентификатор на билиотеката - собственик на записа | BLK |
| 041 ## - Код за език | |
| Код за езика на текст/звукозапис или на отделно заглавие | Български |
| Код за езика КДБФ | Български |
| 080 ## - УДК | |
| Текстов определител УДК | Руска литература |
| УДК код - определител по УДК | 821.161.1 |
| УДК - код + определител | 821.161.1-92 |
| 139 ## - Редно поле | |
| Редна дума | Нека бъдещето знае! |
| Авторски знак | Нек - Н 50 |
| 245 10 - Сведения за заглавието | |
| Заглавие | Нека бъдещето знае! |
| Подзаглавни данни | статии, очерци, интервюта |
| Редно поле (дума) | състав., прев., въвед. Живодар Душков |
| 257 ## - Страна на издаване | |
| Страна на създаване/издаване | България |
| 260 ## - Област на издателските данни | |
| Място на издаване, разпространение и проч. | Плевен ; Русе |
| Име на издателя, разпространителя и проч. | Медиатех |
| Година на издаване | 2022 |
| Печатница | (Русе ; РУ Ангел Кънчев) |
| 300 ## - Физическа характеристика | |
| Страници | 80 с. : с ил., портр., факс. |
| Размери/Мащаб | 19 см |
| 380 ## - Жанр | |
| Жанр | Худож. лит. |
| 500 ## - Общи забележки | |
| Забележка | За преводача: с. 76.<br/>Изд. на Межд. фонд. "Г. Димитров" - Русе<br/>Съдържа материали от: Самуил Маршак, Дмитрий Лисков, Николай Стариков, Игор Чубайс, Валентина Оберемко, Александър Колесниченко, Константин Кудряшов, Юрий Гаврилов, Наталия Бояркина. |
| 700 ## - Други автори (авторска отговорност) | |
| Лично име | Душков, Живодар Иванов |
| 9 (RLIN) | 368890 |
| 852 ## - Местоположение | |
| Фондова буква | Заемна - подръчен фонд |
| 999 ## - СИСТЕМНИ КОНТРОЛНИ НОМЕРА | |
| Koha biblionumber | 475393 |
| Koha biblioitemnumber | 475393 |
| 942 ## - АРТИКУЛИ | |
| Вид на библиотечния материал | Книги |
| Скрит в OPAC | Не |
| Koha issues (borrowed), all copies | 3 |
| Периодичен библиозапис | Да |
| 944 ## - СЪЗДАВАНЕ И РЕДАКЦИЯ на ЗАПИСА | |
| Създаване/Редакция | Създаване |
| Дата на регистрацията/редакция | 2022-10-07 |
| Служител, извършил регистрацията/редакцията | 30556 |
| Статус, дата на статуса | Теодора Пейчева-Дянкова |
| Код за отписване | Код за изгубен артикул | Източник на класификационната схема | Код за повреда | Коз за рестрикции | Код за отдаване | Артикулен № | Име на библиотеката - собственик | Име на библиотеката, в която се намира в момента | Статус (Текущо местоположение) | Дата на вписване в системата | Местоположение - отдел | Цена в лева | Систематично азбучна сигнатура | Баркод | Цена в евро | Служебен тип на артикула | Инвентарен номер |
|---|---|---|---|---|---|---|---|---|---|---|---|---|---|---|---|---|---|
| Не е изгубен | Universal Decimal Classification | Не е повреден | само за читалня | ползва се в читалня | 907525 | Регионална библиотека "Любен Каравелов" Русе | Регионална библиотека "Любен Каравелов" Русе | Краезнание | 2022-10-11 | Краезнание | 5.00 | К 821-9/Н 50 | 120000878412 | 2.56 | Книги | ||
| Не е изгубен | Universal Decimal Classification | Не е повреден | без рестрикции | заемане за дома | 925586 | Регионална библиотека "Любен Каравелов" Русе | Регионална библиотека "Любен Каравелов" Русе | Заемна - подръчен фонд | 2023-03-29 | Заемна - подръчен фонд | 11.00 | 821.161.1-9/Н 50 | 120000884888 | 5.62 | Книги | 120000884888 |